Nature, technology and society : cultural roots of the current environmental crisis

Αποθηκεύτηκε σε:
Λεπτομέρειες βιβλιογραφικής εγγραφής
Κύριος συγγραφέας: Ferkiss, Victor C.
Μορφή: Βιβλίο
Γλώσσα:English
Δημοσίευση: London : Adamantine Press, c1993
Θέματα:
Ετικέτες: Προσθήκη ετικέτας
Δεν υπάρχουν, Καταχωρήστε ετικέτα πρώτοι!

MARC

LEADER 00000nam a2200000 i 4500
001 1/69441
008 981102s1993 eng d
020 |a 0-7449-0093-X 
035 |l 10030376 
040 |a GR-MY-UA  |b gre  |e aacr 
041 0 |a eng 
082 0 |a 304.2 
100 1 |a Ferkiss, Victor C. 
245 1 0 |a Nature, technology and society :  |b cultural roots of the current environmental crisis /  |c Victor Ferkiss 
260 |a London :   |b Adamantine Press,   |c c1993 
300 |a 341 p. 
504 |a Includes bibliographical references and index 
650 0 0 |a Human ecology  |x Philosophy  |x History. 
650 0 0 |a Human ecology  |x Religious aspects  |x History. 
650 0 0 |a Technology and civilization. 
650 0 0 |a Nature  |x Religious aspects  |x History. 
852 |a INST  |b LESVOS  |e 19981102  |h 304.2 FER  |p 005100018044  |q 005100018044  |t BK  |y 0 
901 |a BIBL-1998-3 
909 |a Λ  |b 060018 
922 |a 1ΕΛΗ  |b 199810  |c ΚΠΣ/ΤΓ  |d ΠΑΠΑΣΩΤΗΡΙΟΥ 
950 |a 118-1998-07-21